Statistics for eighteen - Henry Moodie (All lyrics)

Click here to take the quiz!

General Stats

  • This quiz has been taken 5 times
  • The average score is 283 of 312

Answer Stats

Lyrics% Correct
18
100%
a
100%
about
100%
all
100%
And
100%
anxiety
100%
be
100%
break
100%
by
100%
Cause
100%
change
100%
controlled
100%
doesn't
100%
don't
100%
even
100%
feel
100%
friends
100%
go
100%
got
100%
Got
100%
I
100%
It
100%
just
100%
Just
100%
know
100%
lately
100%
lot
100%
me
100%
means
100%
more
100%
my
100%
next
100%
of
100%
one
100%
really
100%
recognise
100%
same
100%
seem
100%
so
100%
society
100%
still
100%
take
100%
that
100%
the
100%
They
100%
they
100%
to
100%
turned
100%
turning
100%
wanna
100%
want
100%
week
100%
what
100%
when
100%
world
100%
year
100%
another
75%
around
75%
back
75%
burning
75%
candle
75%
chest
75%
could
75%
how
75%
I'm
75%
is
75%
It's
75%
kid
75%
live
75%
Oh
75%
old
75%
Sometimes
75%
think
75%
this
75%
Too
75%
Yeah
75%
yeah
75%
young
75%
ahead
50%
But
50%
five
50%
hurting
50%
in
50%
lives
50%
planned
50%
pulls
50%
reality
50%
string
50%
their
50%
wish
50%
years
50%
Calling
25%
day
25%
off-track
25%
past
25%
youth
25%
Gotta
0%

Score Distribution

Percentile by Number Answered

Percent of People with Each Score

Your Score History

You have not taken this quiz